El Ateneo de Madrid, viaje a través del tiempo / (Record no. 193716)

MARC details
000 -LEADER
campo de control de longitud fija 01054nab a2200277 i 4500
001 - NÚMERO DE CONTROL
campo de control 193716
003 - IDENTIFICADOR DE NÚMERO DE CONTROL
campo de control ES-MaACL
005 - FECHA Y HORA DE LA ÚLTIMA TRANSACCIÓN
campo de control 20250809093925.0
007 - CAMPO FIJO DE DESCRIPCIÓN FÍSICA--INFORMACIÓN GENERAL
campo de control de longitud fija t|
008 - DATOS DE LONGITUD FIJA--INFORMACIÓN GENERAL
campo de control de longitud fija 240207q2000 sp ||||1| spa d
040 ## - FUENTE DE CATALOGACIÓN
Centro catalogador/agencia de origen ES-MaACL
Lengua de catalogación spa
Centro/agencia transcriptor ES-MaACL
100 1# - ENTRADA PRINCIPAL--NOMBRE DE PERSONA
Nombre de persona Rodrigo, Pilar
Término indicativo de función/relación Autor
9 (RLIN) 235088
245 13 - MENCIÓN DEL TÍTULO
Título El Ateneo de Madrid, viaje a través del tiempo /
Mención de responsabilidad, etc. texto, Pilar Rodrigo ; fotos, Javier C. Roldán
260 ## - PUBLICACIÓN, DISTRIBUCIÓN, ETC.
Lugar de publicación, distribución, etc. [Madrid] :
Nombre del editor, distribuidor, etc. Sesenta y Más,
Fecha de publicación, distribución, etc. [ca. 2000]
300 ## - DESCRIPCIÓN FÍSICA
Extensión 5 páginas :
Otras características físicas ilustraciones (color) ;
Dimensiones 30 cm
336 ## - TIPO DE CONTENIDO
Fuente rdacontent
Término de tipo de contenido texto
337 ## - TIPO DE MEDIO
Fuente rdamedia
Nombre/término del tipo de medio sin mediación
338 ## - TIPO DE SOPORTE
Fuente rdacarrier
Nombre/término del tipo de soporte volumen
500 ## - NOTA GENERAL
Nota general Artículo de Pilar Rodrigo sobre el Ateneo de Madrid, publicado en la revista "Sesenta y más", siendo Carlos París presidente del Ateneo
600 17 - PUNTO DE ACCESO ADICIONAL DE MATERIA--NOMBRE DE PERSONA
Nombre de persona París, Carlos,
Fechas asociadas al nombre 1925-2014
Fuente del encabezamiento o término embne
9 (RLIN) 89133
610 24 - PUNTO DE ACCESO ADICIONAL DE MATERIA--NOMBRE DE ENTIDAD CORPORATIVA
Nombre de entidad corporativa o nombre de jurisdicción como elemento de entrada Ateneo de Madrid-
Subdivisión de forma Historia
9 (RLIN) 1925
700 1# - ENTRADA AGREGADA--NOMBRE PERSONAL
Nombre de persona Roldán, Javier C.
Término indicativo de función/relación Fotógrafo
9 (RLIN) 235163
852 4# - LOCALIZACIÓN
Ubicación ES-MaACL
Ubicación en estantería Depósito folletos
Número de control de estantería 2347-F-62
itemnumber 201250
942 ## - ELEMENTOS DE ENTRADA SECUNDARIOS (KOHA)
Fuente del sistema de clasificación o colocación Clasificación decimal universal
Tipo de ítem Koha Artículo de revista
Suprimir en OPAC No
Holdings
Estatus retirado Estado de pérdida Fuente del sistema de clasificación o colocación Estado de daño No para préstamo Colección Biblioteca de origen Biblioteca actual Ubicación en estantería Fecha de adquisición Total de préstamos Signatura topográfica completa Código de barras Visto por última vez Tipo de ítem Koha
    Clasificación decimal universal     Fondo Ateneo de Madrid Biblioteca del Ateneo de Madrid Biblioteca del Ateneo de Madrid Depósito folletos 07/02/2024   2347-F-62 101206549 07/02/2024 Artículo de revista